| 000 | 00502nab a2200145Ia 4500 | ||
|---|---|---|---|
| 003 | ES-SlBCS | ||
| 005 | 20210601141044.0 | ||
| 008 | 140529s1994 xxu||||| |||| 00| 0 spa d | ||
| 041 | _aspa | ||
| 100 | 1 |
_aBeltrán, Julio _9250778 |
|
| 245 | 0 | 0 |
_aConjeturas nietzscheanas sobre el comienzo de la civilización. Un ensayo de psicopatología de la cultura _c Julio Beltrán |
| 600 | 1 |
_aNietzsche, Friedrich-Civilización _9250779 |
|
| 773 | 0 |
_tDianoia _gvol. 40, 1994, págs. 189-212 _wRev1805 |
|
| 942 | _cAR | ||
| 999 |
_c654456 _d654456 |
||